000 00438nam a2200181Ia 4500
001 7849
005 20260306160525.0
008 260306t2002||||xx |||||||||||||| ||spa||
041 _aESP
082 _a363.1
_bM26
100 _aMartínez Ponce de León, Jesús
_eAUT
245 0 _aIntroducción al análisis de riesgos
260 _c2002
300 _a218 páginas :
_c
650 _aGEN
654 _aCAN
942 _cLIB
_dJUS
_fJUS
_2ddc
_n
999 _c7849
_d7849